000 nam a22 7a 4500
999 _c8938
_d8938
008 180120b ||||| |||| 00| 0 eng d
100 _aDutta H. V
_95247
245 _aTogether with Genaral Awarness -VII
260 _aNew Delhi
_bRachna Sagar Publication
_c2008